000 00396cam a2200157ua 4500
041 _aeng
_h
082 _a535.2
_bBLO/TO
100 _aBloembergen, N .
245 _aTopics in non linear optics /
_cN Bloembergen.
_hTextual Documents
250 _a1 /
_b.
260 _aBangalore :
_bIndian Academy of Science ,
_c1982.
300 _a291 ; .
504 _a
942 _cBK
999 _c279
_d279